¡Oh, los colores! /
Guardado en:
| Autor Principal: | |
|---|---|
| Otros Autores: | |
| Formato: | Libro |
| Idioma: | Undetermined |
| Publicado: |
Córdoba :
Comunicarte,
2013.
|
| Edición: | 3a ed. |
| Series: | Los imprescindibles
|
| Materias: | |
| Etiquetas: |
Agregar Etiqueta
Sin Etiquetas, Sea el primero en etiquetar este registro!
|
| LEADER | 00795nam a22002295a 4500 | ||
|---|---|---|---|
| 001 | CEM.cems020791 | ||
| 008 | 240219s2013####xx############000#0#und#d | ||
| 005 | 20240219122344.0 | ||
| 245 | 1 | 0 | |a ¡Oh, los colores! / |c Jorge Luján ; ilustrado por Piet Grobler. |
| 250 | |a 3a ed. | ||
| 260 | |a Córdoba : |b Comunicarte, |c 2013. | ||
| 300 | |a 28 p. | ||
| 490 | 1 | |a Los imprescindibles | |
| 500 | |a Edición especial para el Ministerio de Educación de la Nación. | ||
| 020 | |a 9789876022482 | ||
| 100 | 1 | |a Luján, Jorge. | |
| 700 | 1 | |a Grobler, Piet; il. | |
| 653 | |a Poesía infantil | ||
| 653 | |a Literatura infantil | ||
| 653 | |a Literatura argentina | ||
| 859 | |a CEMS |b BIB. CEMS - Inicial y Primaria |h A861.4 |i L968 |k IP |p 4090 |t Ej.1 | ||
| 859 | |a CEMS |b BIB. CEMS - Inicial y Primaria |h A861.4 |i L968 |k IP |p 4272 |t Ej.2 | ||
